000 00552nam a2200193Ii 4500
003 JO-AjNU
008 230605s9999||||xx |||||||||||||| ||und||
040 _aJO-AjNU
_bara
_erda
_cJO-AjNU
041 _aara
050 1 4 _aQQA805.Q8
100 3 _aالقدسي ، وجيه,
_eauthor
_915912
245 0 0 _aالميكانيك
264 3 1 _aدمشق:مطبعة النصر ،1986
300 _a209ص
336 _atext
_btxt
_2rdacontent
337 _aunmediated
_bn
_2rdamedia
338 _avolume
_bnc
_2rdacarrier
650 4 _aالميكانيكا
_915913
999 _aA4602
_c8170
_d8170